Význam marketingu pri označovaní potravinárskych produktov bakalárska práca

Saved in:
Bibliographic Details
Main Author: Ružička, Tomáš, 1991-
Corporate Author: Obchodná fakulta EU. Katedra tovaroznalectva a kvality tovaru
Other Authors: Krnáčová, Paulína, 1983-
Format: Book
Language:Slovak
Published: Bratislava 2013
Tags: Add Tag
No Tags, Be the first to tag this record!

MARC

LEADER 00000nbm a2200000 4500
001 0171313
005 20161109112030.4
041 0 |a slo 
044 |a SK 
245 1 0 |a Význam marketingu pri označovaní potravinárskych produktov  |b bakalárska práca  |c Tomáš Ružička ; školiteľ: Paulína Krnáčová 
264 1 |a Bratislava  |c 2013 
300 |a 42 s. 
100 1 |a Ružička, Tomáš, 1991- 
700 1 |a Krnáčová, Paulína, 1983- 
710 2 |a Obchodná fakulta EU. Katedra tovaroznalectva a kvality tovaru